Joueurs de foot ##1 - Statistiques

Statistiques générales
  • Ce quiz a été pris 51 fois
  • Le résultat moyen est 15 sur 25
Statistiques - réponses
Par images Réponse % Correct
Digne
89%
Kolo muani
89%
Olise
84%
Meunier
82%
Asensio
78%
Carrasco
78%
Schmeichel
73%
Unai Simon
69%
Locatelli
67%
Gordon
64%
onana
64%
Ounahi
64%
Mainoo
62%
yildiz
62%
Toney
60%
Luis Henrique
56%
Majer
56%
En-Nesyri
53%
Pau torres
44%
Scamacca
44%
Mancini
38%
Zaniolo
38%
thiaw
31%
klostermann
29%
Yan couto
24%
Aucun quiz correspondant
Distribution des résultats
% des personnes avec chaque résultat
Percentile par nombre de réponses
Votre historique - résultats
Vous n’avez pas pris ce quiz